Feminism/femininity in Chinese literature /

Bibliographic Details
Other Authors: Chen, Peng-hsiang, Dilley, Whitney Crothers
Format: Book
Language:English
Published: Amsterdam ; New York : Rodopi, 2002.
Series:Critical studies (Amsterdam, Netherlands) ; v. 18.
Subjects:

MARC

Tag First Indicator Second Indicator Subfields
LEADER 00000cam a2200000Ia 4500
001 in00001769921
005 20151025072354.0
008 030107s2002 ne b 000 0 eng d
020 |a 9042007273 
035 |a (OCoLC)ocm51320440 
040 |a CUZ  |c CUZ  |d TXA  |d UtOrBLW 
049 |a TXAM 
090 |a PL2275.F45  |b F45 2002 
245 0 0 |a Feminism/femininity in Chinese literature /  |c edited by Peng-hsiang Chen ; Whitney Crothers Dilley. 
264 1 |a Amsterdam ;  |a New York :  |b Rodopi,  |c 2002. 
300 |a xii, 219 pages ;  |c 24 cm. 
336 |a text  |b txt  |2 rdacontent 
337 |a unmediated  |b n  |2 rdamedia 
338 |a volume  |b nc  |2 rdacarrier 
490 1 |a Critical studies ;  |v no. 18 
504 |a Includes bibliographical references (pages [211]-219). 
650 0 |a Chinese literature  |x History and criticism. 
650 0 |a Feminism in literature. 
650 0 |a Feminism and literature  |z China. 
700 1 |a Chen, Peng-hsiang. 
700 1 |a Dilley, Whitney Crothers. 
830 0 |a Critical studies (Amsterdam, Netherlands) ;  |v v. 18. 
948 |a cataloged  |b h  |c 2003/6/12  |d c  |e jgreene  |f 4:30:43 pm 
994 |a E0  |b TXA 
999 |a MARS 
999 f f |s 56a432f1-2b4f-3213-978d-064df54cf8db  |i b3956add-ea35-3135-87f1-bd856d9dda53  |t 0 
952 f f |p ric  |a Texas A&M University  |b Rellis Campus  |c Joint Library Facility  |s JLF  |d Remote Storage  |t 0  |e PL2275.F45 F45 2002  |h Library of Congress classification  |i unmediated -- volume  |m A14830279319 
998 f f |a PL2275.F45 F45 2002  |t 0  |l Remote Storage